000 00730nam a2200193Ii 4500
003 JO-AjNU
008 230605s9999||||xx |||||||||||||| ||und||
040 _aJO-AjNU
_bara
_erda
_cJO-AjNU
041 _aara
050 1 4 _aHG1707.K5222 1987
100 3 _aتأليف: عبدالله، خالد امين,
_eauthor
_945702
245 0 0 _aالعمليات المصرفية : الطرق المحاسبية الحديثة
264 3 1 _aبيروت: اتحاد المصارف العربية، 1987
300 _a384ص
_bيحتوي على ببلوغرافية من 377-384ص
336 _atext
_btxt
_2rdacontent
337 _aunmediated
_bn
_2rdamedia
338 _avolume
_bnc
_2rdacarrier
650 4 _aالبنوك - محاسبة
_945703
999 _aA19830
_c23398
_d23398